000 01010nam a22002537a 4500
005 20170124103021.0
010 _aA-689756
020 _c60.00
035 _aA-689756
037 _bCen Lib/Ret
040 _aDPL
_bHN
082 _a
_bचौधरी
100 _aचौधरी, श्यामसुन्दर
_9130
245 _aटूटते दरख़्त /
_cश्यामसुन्दर चौधरी
246 _aTootte darakht /
_bby Shyamsundar Chaudhari
260 _aदिल्ली
_bवैचारिकी संकलन
_c1994
270 _aबी-65, मानस विहार, मयूर विहार-I
_bदिल्ली
_e110091
300 _a131पृ.
_c17सेमी (सजिल्द)
650 _aहिन्दी -- साहित्य
_960536
650 _aहिन्दी -- कहानी
_9779
650 _aHindi -- Literature
_960537
650 _aHindi -- story
_943117
942 _2ddc
_cHN
_h
_mचौधरी
999 _c115239
_d115239